Najniżej punktowane polskie miasta w Scrabble - Statystyki

Ogólne statystyki
  • Ten quiz został rozwiązany 1 539 razy
  • Średni wynik to 3 z 6
Statystyki odpowiedzi
Punkty Województwo Miasto % Poprawnych
7 - Iława | Jawor | Krosno | Leszno | Marki | Oława | Opole | Orzesze | Piła | Radom | Sopot | Tczew
94%
6 warmińsko-mazurskie Ełk
66%
6 wielkopolskie Konin
42%
5 opolskie Nysa
42%
6 podkarpackie Sanok
34%
5 pomorskie Reda
29%
Nie znaleziono quizów pasujących do podanych kryteriów
Rozkład punktacji
Procent ludzi z każdym wynikiem
Percentyl według liczby udzielonych odpowiedzi
Twoja historia wyników
Nie rozwiązałeś tego quizu